Viisi suurinta maata per nimen sisältämä kirjain - Statistics

Yleistilastot
  • Tätä visaa on pelattu 356 kertaa
  • Keskiarvotulos 36 / 58
Vastaustilastot
Kirjaimet Valtio % Oikein
ADHLSTVY Yhdysvallat
97%
AILRSTU Australia
96%
ADKN Kanada
96%
EJNVÄ Venäjä
96%
ABILRS Brasilia
95%
AINK Kiina
95%
INT Intia
91%
EGINRT Argentiina
89%
EKMO Meksiko
87%
CH Chile
86%
Etelä-Afrikka
85%
KSTZ Kazakstan
84%
EGLR Algeria
83%
PY Egypti
81%
DEGKLMORSV Kongon demokraattinen tasavalta
81%
DO Indonesia
80%
GMO Mongolia
80%
J Japani
79%
BDU Saudi-Arabia
78%
Q Qatar
77%
BMU Kolumbia
74%
PU Peru
70%
F Afganistan
68%
G Niger
68%
U Sudan
68%
WZ Zimbabwe
68%
BV Bolivia
65%
JP Espanja
65%
F Filippiinit
65%
BY Libya
64%
P Pakistan
64%
VZ Venezuela
64%
H Thaimaa
63%
Z Uzbekistan
63%
H Yhdistynyt kuningaskunta
61%
P Etiopia
58%
Ä Etelä-Sudan
57%
M Mali
55%
O Angola
54%
Ä Etelä-Korea
54%
J Jemen
51%
W Botswana
47%
Y Myanmar
46%
Y Paraguay
46%
Ä Valko-Venäjä
44%
C Ecuador
43%
F Keski-Afrikan tasavalta
43%
C Costa Rica
39%
Z Azerbaidžan
37%
J Norja
37%
H Ghana
34%
W Malawi
31%
F Burkina Faso
27%
X Luxemburg
26%
C Nicaragua
26%
W Taiwan
26%
W Kuwait
24%
C São Tomé ja Príncipe
13%
Ehtoja vastaavia visoja ei löytynyt
Tulosjakauma
Jokaisen tuloksen saaneiden osuus
Persentiili vastausten määrän mukaan
Tuloshistoriasi
Et ole pelannut tätä visaa